Molecular mapping of genes determining height, time to heading, and growth habit in barley (Hordeum vulgare) (Record no. 63195)

MARC details
000 -LEADER
fixed length control field 00361nam a2200121Ia 4500
100 ## - MAIN ENTRY--AUTHOR NAME
Personal name Barua U M
245 #0 - TITLE STATEMENT
Title Molecular mapping of genes determining height, time to heading, and growth habit in barley (Hordeum vulgare)
260 ## - PUBLICATION, DISTRIBUTION, ETC. (IMPRINT)
Name of publisher Genome
Year of publication 1993
300 ## - PHYSICAL DESCRIPTION
Number of Pages 1080-1087
650 ## - SUBJECT ADDED ENTRY--TOPICAL TERM
Topical Term RFLP
942 ## - ADDED ENTRY ELEMENTS (KOHA)
Koha item type Journals
Holdings
Withdrawn status Lost status Damaged status Not for loan Home library Current library Shelving location Date acquired Serial Enumeration / chronology Koha item type
      Journals RRII Library RRII Library RFLP 17/12/2021 Volume 36, Issue 6 Journals